Gordon McComb's gadgeteer's goldmine! : 55 space-age projects

Electronics wizard Gordon McComb has assembled more than 55 practical projects ranging in difficulty from a simple Jacob's Ladder to a complete laser light show. Whether you're experienced or not, you'll find plenty here to keep you busy honing your workbench skills.

保存先:
書誌詳細
第一著者: McComb, Gordon
フォーマット: 図書
言語:Undetermined
出版事項: Blue Ridge Summit, PA. Tab Books 1990
主題:
タグ: タグ追加
タグなし, このレコードへの初めてのタグを付けませんか!
Thư viện lưu trữ: Trung tâm Học liệu Trường Đại học Cần Thơ
LEADER 00930nam a2200229Ia 4500
001 CTU_137013
008 210402s9999 xx 000 0 und d
020 |c 24.95 
082 |a 621.381 
082 |b M129 
100 |a McComb, Gordon 
245 0 |a Gordon McComb's gadgeteer's goldmine! : 
245 0 |b 55 space-age projects 
245 0 |c Gordon McComb 
260 |a Blue Ridge Summit, PA. 
260 |b Tab Books 
260 |c 1990 
520 |a Electronics wizard Gordon McComb has assembled more than 55 practical projects ranging in difficulty from a simple Jacob's Ladder to a complete laser light show. Whether you're experienced or not, you'll find plenty here to keep you busy honing your workbench skills. 
650 |a Electronics,Điện tử học 
650 |x Amateurs' manuals,Sách dành cho người nghiệp dư 
904 |i Giang 
980 |a Trung tâm Học liệu Trường Đại học Cần Thơ